Commuters' track record (Record no. 79464)
[ view plain ]
| 000 -LEADER | |
|---|---|
| fixed length control field | 01048cab a22002055a 4500 |
| 001 - CONTROL NUMBER | |
| control field | L141346 |
| 008 - FIXED-LENGTH DATA ELEMENTS--GENERAL INFORMATION | |
| fixed length control field | 071116e20071109xxk f s 000 0 eng d |
| 035 ## - SYSTEM CONTROL NUMBER | |
| System control number | (Sirsi) u141346 |
| 041 0# - LANGUAGE CODE | |
| Language code of text/sound track or separate title | eng |
| 100 1# - MAIN ENTRY--PERSONAL NAME | |
| Personal name | Cook, Lucian |
| 245 00 - TITLE STATEMENT | |
| Title | Commuters' track record |
| 260 ## - PUBLICATION, DISTRIBUTION, ETC. | |
| Date of publication, distribution, etc. | 2007 |
| 490 ## - SERIES STATEMENT | |
| Series statement | Property Week |
| Volume/sequential designation | 72(45) 9 November 2007, 64(1) |
| 520 ## - SUMMARY, ETC. | |
| Summary, etc. | Presents research aimed at identifying the correlation between house prices and commuter travel patterns to London. Examines 12 mainline routes out of London. Finds that commuters are generally attracted to high-value areas with an improved quality of life. Their increased buying power drives property prices up in these areas as a result. Towns with strong economies to the west of London act as a counter-magnet, resulting in lower levels of London commuting to the west. Predicts that commuters are likely to travel further, but on fewer occasions. |
| 590 ## - LOCAL NOTE (RLIN) | |
| Local note | KA |
| 651 #4 - SUBJECT ADDED ENTRY--GEOGRAPHIC NAME | |
| Geographic name | United Kingdom |
| Chronological subdivision | |
| 690 ## - LOCAL SUBJECT ADDED ENTRY--TOPICAL TERM (OCLC, RLIN) | |
| Topical term or geographic name as entry element | PROPERTY-RESIDENTIAL PROPERTY |
| 700 1# - ADDED ENTRY--PERSONAL NAME | |
| Personal name | Barnes, Yolande |
| 942 ## - ADDED ENTRY ELEMENTS (KOHA) | |
| Suppress in OPAC | 0 |
| Withdrawn status | Lost status | Source of classification or shelving scheme | Damaged status | Not for loan | Home library | Current library | Shelving location | Date acquired | Total Checkouts | Full call number | Barcode | Date last seen | Copy number | Price effective from | Koha item type |
|---|---|---|---|---|---|---|---|---|---|---|---|---|---|---|---|
| Dewey Decimal Classification | London | London | Journal article | 16/11/2007 | L141346 | 141346-1001 | 06/08/2019 | 1 | 06/08/2019 | Journal article |